| 000 | 00747nam a2200289Ia 4500 | ||
|---|---|---|---|
| 005 | 20250425162140.0 | ||
| 008 | 250425s9999 xx 000 0 und d | ||
| 020 | _a9682522870 | ||
| 041 | _aspa | ||
| 082 | _a641.1 | ||
| 100 | _aMAHAN, L. KATHLEEN | ||
| 245 | 0 | _aKRAUSE NUTRICIÓN Y DIETOTERAPIA | |
| 250 | _a8A ED. | ||
| 260 | _aMEXICO | ||
| 260 |
_aMéxico _bINTERAMERICANA _c1995 |
||
| 300 | _a947 | ||
| 500 | _aCONSULTAR 39379 EN BIBTEC. | ||
| 500 | _aTítulo Traducido: KRAUSE FOOD, NUTRITION AND DIET THERAPY | ||
| 650 | _aCUIDADO NUTRICIONAL | ||
| 650 | _aDIETA TERAPEUTICA | ||
| 650 | _aNUTRICION | ||
| 650 | _aNUTRIENTES | ||
| 650 | _aPROTEINAS | ||
| 700 | _aARLIN, MARIAN T. | ||
| 942 | _c01 | ||
| 010 | _a52995 | ||
| 999 |
_c223301 _d223301 |
||